Rozvoj vidieckeho turizmu a agroturistiky v regióne Horný Šariš bakalárska práca

Gespeichert in:
Bibliographische Detailangaben
1. Verfasser: Mikulová, Katarína
Körperschaft: Podnikovohospodárska fakulta EU so sídlom v Košiciach. Katedra marketingu a obchodu
Weitere Verfasser: Ručinský, Rastislav
Format: Buch
Sprache:Slowakisch
Veröffentlicht: Košice 2011
Tags: Tag hinzufügen
Keine Tags, Fügen Sie das erste Tag hinzu!

MARC

LEADER 00000nbm a2200000 4500
001 0139540
005 20161109111627.3
041 0 |a slo 
044 |a SK 
245 1 0 |a Rozvoj vidieckeho turizmu a agroturistiky v regióne Horný Šariš  |b bakalárska práca  |c Katarína Mikulová ; školiteľ: Rastislav Ručinský 
264 1 |a Košice  |c 2011 
300 |a 43 s. 
100 1 |a Mikulová, Katarína 
700 1 |a Ručinský, Rastislav 
710 2 |a Podnikovohospodárska fakulta EU so sídlom v Košiciach. Katedra marketingu a obchodu